000
00333nam a22001457a 4500
008
230911b ||||| |||| 00| 0 eng d
020
_a
091323284X
041
_a
eng
080
_a
521
082
_a
521SKI
100
_a
19
101
_a
ASTRO
245
_a
THE SOLAR SYSTEM AND ITS STRANGE OBJECTS
_c
SKINNER.J.B
942
_2
udc
_c
BK
999
_c
60314
_d
60314